00398 a2200133 4500020001800000050002000018100003100038245006500069250001200134264005300146300001800199500001900217650002800236 a9780273708889 aHD58.7 MUL 2007 aMullins, Laurie J.eauthor aManagement and organizational behaviour /cLaurie J. Mullins a8th ed. aHarlow :bPrentice Hall/ Financial Times,c2007. a837p. :bill. aIncludes index aOrganizational behavior